Las Finanzas a Corto Plazo en las Empresas Privadas / (Record no. 23063)

000 -CABECERA
fixed length control field 01507nam a22002657i 4500
003 - IDENTIFICADOR DEL NÚMERO DE CONTROL
control field AR-CdUCM
008 - DATOS DE LONGITUD FIJA--INFORMACIÓN GENERAL
fixed length control field 240918b20212021 pea|||| |||| 00| 0 spa d
020 ## - NÚMERO INTERNACIONAL ESTÁNDAR DEL LIBRO
ISBN 978-612-00-6505-1
040 ## - FUENTE DE LA CATALOGACIÓN
Agencia/entidad que catalogó originalmente la obra MUNICIPALIDAD PROVINCIAL DEL CUSCO
Entidad que transcribió la catalogación BIBLIOTECA MUNICIPAL DEL CUSCO
082 ## - NÚMERO DE LA CLASIFICACIÓN DECIMAL DEWEY
No. de la edición Primera edición
No. de Clasificación 658.15 / V32
Notacion interna V32
100 ## - ENTRADA PRINCIPAL--NOMBRE DE PERSONA
Nombre Personal Vargas Elguera, Atilio
245 ## - MENCIÓN DE TÍTULO
Título Las Finanzas a Corto Plazo en las Empresas Privadas /
260 ## - PUBLICACIÓN, DISTRIBUCIÓN, ETC.
Lugar de publicación, distribución, etc. Cusco :
Nombre de la editorial, distribuidor, etc. Atilio Vargas Elguera.
Fecha de publicación, distribución, etc. 2021
300 ## - DESCRIPCIÓN FÍSICA
Nº de Páginas Extensión 197 páginas. :
Otros detalles físicos 24 cm.
505 ## - NOTA DE CONTENIDO CON FORMATO
Nota de contenido formateada La empresa -- Concepto -- Decisión de apertura de una empresa -- Tipos de aporte de los socios -- Tipos de aporte de socios -- Clasificación de las empresas -- Proceso de constitución de una empresa -- Estructura financiera -- La estructura financiera -- Comentarios respecto a la estructuración financiera -- Aspectos importantes para el análisis financiera -- Análisis de estructura financiera -- Análisis vertical y análisis horizontal del estado de situación financiera -- Comportamiento de las variables monto y monto y tiempo -- Otros aspectos que deben tomarse en cuenta para analizar una estructura financiera
650 ## - PUNTO DE ACCESO ADICIONAL DE MATERIA--TÉRMINO DE MATERIA
Descriptor Finanzas empresariales
9 (RLIN) 50526
650 ## - PUNTO DE ACCESO ADICIONAL DE MATERIA--TÉRMINO DE MATERIA
Descriptor Estructura financiera
9 (RLIN) 50527
650 ## - PUNTO DE ACCESO ADICIONAL DE MATERIA--TÉRMINO DE MATERIA
Descriptor Conceptos de finanzas
9 (RLIN) 50528
650 ## - PUNTO DE ACCESO ADICIONAL DE MATERIA--TÉRMINO DE MATERIA
Descriptor Administración empresarial
9 (RLIN) 8178
650 ## - PUNTO DE ACCESO ADICIONAL DE MATERIA--TÉRMINO DE MATERIA
Descriptor Funciones contables
9 (RLIN) 50529
650 ## - PUNTO DE ACCESO ADICIONAL DE MATERIA--TÉRMINO DE MATERIA
Descriptor Historia de los bancos
9 (RLIN) 50530
942 ## - ELEMENTOS DE PUNTO DE ACCESO ADICIONAL (KOHA)
Fuente de clasificación
Tipo de item Libros-BMC
945 ## - PROCESAMIENTO DE INFORMACIÓN LOCAL (OCLC)
Catalogador pbj
AAAA-MM-DD - Fecha de ingreso o modificacion 18/09/2024
Holdings
Estado de retiro (separado) Fuente de clasificación o esquema de estanterías Estado dañado Ubicación Sala donde se ubica Nombre de la colección Fecha de adquisición o compra Fuente de adquisición Costo, precio normal en soles Signatura topográfica Código de Barras Última vez visto (Koha) Tipo de ítem (Koha)
No     Sala Ciencias Sala Ciencias Book Cart 2024-09-18 Donación 20.00 658.15 / V32 SC0000002421 2024-09-18 Libros-BMC

Powered by Koha